000 00593nam a2200181Ia 4500
008 090124s9999 xx 000 0 und d
082 _b20352
_a2040
100 _aबाबर सरोजिनी
245 _a महात्मा जोतीराव फुले
250 _a1
260 _c1974
300 _a167
600 _aबाबर सरोजिनी
630 _a महात्मा जोतीराव फुले
700 _aबाबर सरोजिनी
730 _a महात्मा जोतीराव फुले
942 _cBOOK
999 _c134158
_d134158